Natural Healing Remedies & Therapies (Record no. 591903)
[ view plain ]
| 000 -LEADER | |
|---|---|
| fixed length control field | 00823nam a2200121 4500 |
| 082 ## - DEWEY DECIMAL CLASSIFICATION NUMBER | |
| Classification number | 615.5,EVA |
| 100 ## - MAIN ENTRY--PERSONAL NAME | |
| Personal name | Mark Evans |
| 9 (RLIN) | 100687 |
| 245 ## - TITLE STATEMENT | |
| Title | Natural Healing Remedies & Therapies |
| 260 ## - PUBLICATION, DISTRIBUTION, ETC. | |
| Place of publication, distribution, etc. | London |
| Name of publisher, distributor, etc. | Anness Publications |
| Date of publication, distribution, etc. | 2011 |
| 300 ## - PHYSICAL DESCRIPTION | |
| Extent | 252 p. |
| 505 ## - FORMATTED CONTENTS NOTE | |
| Formatted contents note | Natural Remedies (Page-6), The Nervous Systems (Page-18), The Repiratory Systems (Page-30), The Circulatory systems (Page-46), The Digestive Systems (Page-54), The Reproductions Systems (Page-64), The Urinary Systems (Page-76), The Musculo Sakeletal Systems (Page-82), The Skin (Page-90), First Aid (Page-102), Childerans Ailments (Page-112), Important Notice (Page-121), Naturals Therapies (Page-122), Health from Plants (Page-124), Naturopthy (Page-144), Stress Mangement (Page-162), Bodywork (Page-182), Eastren Approaches (Page-204). |
| 942 ## - ADDED ENTRY ELEMENTS (KOHA) | |
| Source of classification or shelving scheme | |
| Koha item type | Book |
| Withdrawn status | Lost status | Source of classification or shelving scheme | Damaged status | Not for loan | Permanent Location | Current Location | Shelving location | Date acquired | Total Checkouts | Full call number | Barcode | Date last seen | Price effective from | Koha item type | Public note |
|---|---|---|---|---|---|---|---|---|---|---|---|---|---|---|---|
| Military College of Signals (MCS) | Military College of Signals (MCS) | General Stacks | 10/18/2022 | 615.5,EVA | MCS37793 | 10/18/2022 | 10/18/2022 | Book | Almirah No.26, Shelf No.3 |
